000 01461nam0a22003251 4500
001 rc\2338831
005 20250623080808.0
035 _a(NLR Aleph) 006678636
090 _a5059004
_c5059004
100 _a20110829d1977 |||y0rusy50 ca
101 1 _arus
_ceng
102 _aRU
105 _ay z |||||
200 1 _aТеоретические и клинические основы анестезиологии
_fАртур Б. Тарроу, Джеймс К. Эриксон
_gПеревод с англ. М.Н. Селезнева
210 _aМосква
_cМедицина
_d1977
215 _a439 с.
_d24
311 _aПеревод изд.: Basic and clinical sciences in anesthesiology/ By Arthur B. Tarrow and Games C. Erickson 1975
320 _aСписок лит.: с. 334-437 (113 назв.)
454 0 _12001#$aBasic and clinical sciences in anesthesiology$fBy Arthur B. Tarrow and Games C. Erickson
_1210##$d1975
_1700#1$aTarrow$bA.B.$gArthur B.
_1701#1$aErickson$bG.C.$gGames C.
_tBasic and clinical sciences in anesthesiology
_aTarrow, Arthur B.
606 _aАнестезиология
_2rkp
700 1 _aТарроу
_bА.Б.
_gАртур Б.
701 1 _aЭриксон
_bД.К.
_gДжеймс К.
702 1 _aСелезнев
_bМ.Н.
_4730
801 0 _aRU
_bNLR
_gpsbo
801 1 _aRU
_bELAR
_2rusmarc
852 _aNLR
_j77-7/2351
899 _aRuMoRGB
_jБ 77-13/539
899 _aRuMoRGB
_jБ 77-13/540
942 _cBOOK
980 _aNB